An iconography of Don Quixote (Record no. 26960)
[ view plain ]
| 000 -LEADER | |
|---|---|
| campo de control de longitud fija | 00708nam a2200205 i 4500 |
| 001 - NÚMERO DE CONTROL | |
| campo de control | 26960 |
| 003 - IDENTIFICADOR DE NÚMERO DE CONTROL | |
| campo de control | ES-MaACL |
| 005 - FECHA Y HORA DE LA ÚLTIMA TRANSACCIÓN | |
| campo de control | 20240219212803.0 |
| 007 - CAMPO FIJO DE DESCRIPCIÓN FÍSICA--INFORMACIÓN GENERAL | |
| campo de control de longitud fija | t| |
| 008 - DATOS DE LONGITUD FIJA--INFORMACIÓN GENERAL | |
| campo de control de longitud fija | 030113s1895 xxk ||||1| eng d |
| 100 1# - ENTRADA PRINCIPAL--NOMBRE DE PERSONA | |
| Nombre de persona | Ashbee, Henry Spencer ( |
| Fechas asociadas al nombre | 1834-1900) |
| 9 (RLIN) | 23593 |
| 245 13 - MENCIÓN DEL TÍTULO | |
| Título | An iconography of Don Quixote |
| Resto del título | : 1605-1895 / |
| Mención de responsabilidad, etc. | by H.S. Ashbee. |
| 260 ## - PUBLICACIÓN, DISTRIBUCIÓN, ETC. | |
| Lugar de publicación, distribución, etc. | London : |
| Nombre del editor, distribuidor, etc. | University Press, |
| Fecha de publicación, distribución, etc. | 1895. |
| 300 ## - DESCRIPCIÓN FÍSICA | |
| Extensión | XI, 202 p., 22 lám. ; |
| Dimensiones | 28 cm. |
| 490 1# - MENCIÓN DE SERIE | |
| Mención de serie | Illustrated monographs ; |
| Designación de volumen o secuencia | 3 |
| 600 17 - PUNTO DE ACCESO ADICIONAL DE MATERIA--NOMBRE DE PERSONA | |
| Nombre de persona | Cervantes Saavedra, Miguel de, |
| Fechas asociadas al nombre | 1547-1616. |
| Título de la obra | Don Quijote de la Mancha- |
| Subdivisión de forma | Ilustraciones |
| Fuente del encabezamiento o término | |
| 9 (RLIN) | 158871 |
| 830 0# - PUNTO DE ACCESO ADICIONAL DE SERIE-TÍTULO UNIFORME | |
| Título uniforme | Illustrated monographs ; |
| Designación de volumen o secuencia | 3 |
| 9 (RLIN) | 187918 |
| 852 ## - LOCALIZACIÓN | |
| Ubicación | ES-MaACL |
| Número de control de estantería | G-7331 |
| Estatus retirado | Estado de pérdida | Estado de daño | No para préstamo | Colección | Biblioteca de origen | Biblioteca actual | Ubicación en estantería | Fecha de adquisición | Fuente de adquisición | Total de préstamos | Signatura topográfica completa | Código de barras | Visto por última vez | Precio de reemplazo | Tipo de ítem Koha |
|---|---|---|---|---|---|---|---|---|---|---|---|---|---|---|---|
| Libros del s. XIX | Biblioteca del Ateneo de Madrid | Biblioteca del Ateneo de Madrid | Depósito 2 | 17/01/2008 | G-7331 | 1027828 | 23/02/2023 | 23/02/2023 | Libro impreso antiguo |
